000 00305 a2200145 4500
001 147233
040 _cEscola São Tomás de Aquino
100 _aZIRALDO
240 1 0 _aOs dez amigos
_lpor
245 1 0 _aOs dez amigos
300 _a25
362 0 _a1986
697 _a*LITERATURA INFANTO
942 _cBK
999 _c147233
_d147233